LEADER 00808nam a2200229 i 4500 001 000000049427 003 CaOOAMICUS 005 20070111000000.0 008 070111n it u000 u ita u 013 $a20598 040 $aSeMil$bita 245 10$aChiesa collegiata S. Giorgio Martire. 260 $aLiscate :$b[s.n.],$c[19--]?. 300 $a67 p. :$briccamente ill. ;$c24 cm. 500 $aFondo Card. Giovanni Colombo. 650 4$aLiscate.$0(OLS)http://semarc/subject/10279 850 $aSeMil 852 $aSeMil$W1$xVenegono$y1$m3P V 228$j15582$B15582$CSeMilBibl$Z2$F15582 $81 941 1 $a3 961 $aLascito: Colombo Card. Giovanni 996 $6245$aChiesa collegiata S. Giorgio Martire$9(OLS)http://semarc/title/75137 996 $6260$aLiscate :$b[s.n.]$9(OLS)http://semarc/publisher/41119 LEADER 01022nam a2200253 i 4500 001 000000082152 003 CaOOAMICUS 005 20180920112430.0 008 180726s1958 xx u000 u ger u 013 $a54392 040 $aSeMil$bita 100 1 $aRad, Gerhard : von,$d<1901-1971>.$0(OLS)http://semarc/name/77 245 14$aDer Heilige Krieg im alten Israel /$cvon D. Gerhard von Rad. 250 $a3. Aufl. 260 $aGöttingen :$bVandenhoeck & Ruprecht,$c1958. 300 $a84 p. ;$c22 cm. 650 4$aGuerra - Aspetti religiosi - Giudaismo.$0(OLS)http://semarc/subject/47632 650 4$aBibbia - Guerra.$0(OLS)http://semarc/subject/8593 850 $aSeMil 852 $aSeMil$W1$xVenegono$y1$m2Y III 24$j211005$B47250$CSeMilBibl$Z2$F49751 $81 961 $aOmaggio: Perego don Stefano 996 $6245$aDer Heilige Krieg im alten Israel$9(OLS)http://semarc/title/404975 996 $6260$aGöttingen :$bVandenhoeck & Ruprecht$9(OLS)http://semarc/publisher/29697